Elektrická měření II a III : návody k laboratorním cvičením /

Hlavní autor: Boháček, Jaroslav, 1942-
Korporativní autor: České vysoké učení technické v Praze. Elektrotechnická fakulta
Jazyk: Čeština
Vydáno: Praha : České vysoké učení technické, 1974
Vydání: 1. vyd.
Edice: Učební texty vysokých škol
Fyzický popis: 128 s.
Knihy
Uloženo v:
LEADER 00883nam a2200229 a 4500
001 000598015
003 CZ BrMZK
005 20101111125704.0
007 ta
008 020502s1974 xr f cze d
040 |a BOA001  |b cze  |c BOA001 
100 1 |a Boháček, Jaroslav,  |d 1942-  |7 jk01012479  |4 aut 
245 1 0 |a Elektrická měření II a III :  |b návody k laboratorním cvičením /  |c [autor:] Jaroslav Boháček 
250 |a 1. vyd. 
260 |a Praha :  |b České vysoké učení technické,  |c 1974 
300 |a 128 s. 
490 1 |a Učební texty vysokých škol 
710 2 |a České vysoké učení technické v Praze.  |b Elektrotechnická fakulta  |7 kn20010710175 
810 2 |a České vysoké učení technické v Praze.  |t Učební texty  |0 s 
910 |a BOA001  |b 4-0718.253 
990 |a BK 
996 6 |b 2619503383  |c 4-0718.253  |l MZK  |r Sklad / do 1 hodiny  |n 2  |w 000598015  |u 000010  |a 1  |e BOA001  |j MZK50  |s P